000 00301nam a22001337a 4500
003 OSt
005 20250620103729.0
007 10 PAGES
008 250620b |||||||| |||| 00| 0 eng d
040 _c
245 _aIS/IEC 60479-3:1998
_cB.I.S
260 _bINDIAN STANDARDS
_c2014
942 _2ddc
_cRB
_n0
999 _c36232
_d36232